000 00548nam a2200181 i 4500
001 74589
003 ES-MaACL
005 20230906172159.0
007 t|
008 040920s1970 sp ||||1| spa d
100 1 _aGonzález López, Ramiro.
_958766
245 1 0 _aGuía turística de Zaragoza /
_cRamiro González y López.
250 _aed. 1970-1971.
260 _aZaragoza :
_b[s.n.,
_c1970] (
_fTip. Línea)
300 _a262 p. :
_bil. ;
_c22 cm.
651 4 _aZaragoza-
_vGuías turísticas.
_9155395
852 _aES-MaACL
_jC-44653
_bR.75017
999 _c74589
_d74589